000 00581nam a2200181Ia 4500
008 100921s9999 xx 000 0 und d
082 _b20465
_a891.461 थ 85
100 _aकुसुमाग्रज (शिरवाडकर वि.वा.).
245 _aश्रावण.
260 _bपरचुरे प्रकाशन,मुंबई.
_c1985
300 _a0
_b---
365 _b12
520 _aललित-काव्य.
630 _aश्रावण.
650 _aललित-काव्य.
730 _aश्रावण.
942 _cBOOK
999 _c769578
_d769575